000 01820cam a22004694i 4500
003 PE-LiUPU
005 20250731173125.0
008 150623s r 000 0 d
020 _a0664250688
035 _a(Sirsi) i9780664250683
040 _aPE-LiUPU
_bspa
_cPE-LiUPU
_erda
049 _aPRUA
082 0 4 _a241.5
_bH51
_221
100 1 _aHigginson, Richard,
_eautor.
245 1 0 _aDilemmas :
_ba christian approach to moral decision making /
_cRichard Higginson.
264 1 _aLouisVille, Kentucky :
_bWestminster John Knox Press,
_c1988.
300 _a238 páginas ;
_c20 centímetros
336 _atext
_2rdacontent
337 _aunmediated
_2rdamedia
338 _avolume
_2rdacarrier
504 _aIncluye bibliografía.
505 0 _aDilemmas great and small. Two ethical theories. Back to the Bible. What have christians said?. Private and public morality. The primacy of virtue. The lesser of two evils?. Between rules and consequences. First-and second-order principles. A hierarchy of duties. The search for consistency.
526 _aSEG42
526 _aSEG41
526 _aSEG40
526 _aSEG39
526 _aP94
526 _aP87
526 _aP86
526 _aP85
526 _aP77
526 _aP76
526 _aP35
650 0 4 _aÉtica cristiana.
_91047
650 0 4 _aToma de decisiones
_xAspectos morales y éticos.
942 _2ddc
_cBOOK
949 _a241.5 H51
_wDEWEY
_c1
_i51174
_lCCODEBUL1
_mBUL
_p10.00
_r0
_sY
_tBOOK
_u2015-6-24
_xTEOLOGIA
_PP35
_0COMPRA
_o.STAFF. Colección General
994 _aC0
_bPEPRU
596 _a1
999 _a241.5 H51
_wDEWEY
_c32877
_i51174
_f2021-11-11
_g6
_lCCODEBUL1
_mBUL
_p10.00
_r0
_sY
_tBOOK
_u2015-6-24
_xTEOLOGIA
_PP35
_0COMPRA
_o.STAFF. Colección General
_d32877
980 _81
_gALBERTO SANCHEZ Responsable de Automatización